|
|
|
|
| LEADER |
00715nta a2200205 i 4500 |
| 001 |
dokt8469 |
| 005 |
20221121133411.0 |
| 008 |
221121s1972 hu om 0|| hun d |
| 040 |
|
|
|a SZTE Doktori Repozitórium
|b hun
|
| 041 |
|
|
|a hun
|
| 100 |
1 |
|
|a Tövisfalvi Bálint
|
| 245 |
1 |
2 |
|a A science-fiction kialakulása és helye a modern irodalomban
|h [elektronikus dokumentum] /
|c Tövisfalvi Bálint
|
| 260 |
|
|
|c 1972
|
| 502 |
|
|
|a Disszertacio
|
| 650 |
|
4 |
|a irodalom- és kultúra tudományok
|
| 650 |
|
4 |
|a Bölcsészettudományok
|
| 650 |
|
4 |
|a Nyelvek és irodalom
|
| 695 |
|
|
|a Irodalom
|
| 700 |
1 |
|
|a Nincs megadva
|e ths
|
| 856 |
4 |
0 |
|u https://doktori.bibl.u-szeged.hu/id/eprint/8469/1/1972_tovisfalvi_balint.pdf
|z Dokumentum-elérés
|